000 00241nam a22000857a 4500
008 160711b xxu||||| |||| 00| 0 eng d
100 _92561
_a Deshikatmananda, S
245 _aT.B. Control in India
260 _aNew Delhi
_b Ramakrishna Mission
_c2002
999 _c2227
_d2227